LEADER 00943nam0-22003131i-450- 001 990006432020403321 005 20070205151704.0 010 $a3-89498-046-X 035 $a000643202 035 $aFED01000643202 035 $a(Aleph)000643202FED01 035 $a000643202 100 $a20010205d1997----km-y0itay50------ba 101 0 $ager 102 $aDE 105 $ay-------001yy 200 1 $aStaat und Klientel im 19. Jahrhundert$eadministrative Eliten in Italien und Preussen im Vergleich 1860-1918$fArpád von Klimó 210 $aKöln$cSH-Verlag$d1997 215 $a309 p.$d24 cm 225 1 $aItalien in der Moderne$x0949-7778$v4 676 $a378.1$v20$zita 700 1$aKlimó,$bArpád : von$0408391 801 0$aIT$bUNINA$gRICA$2UNIMARC 901 $aBK 912 $a990006432020403321 952 $aSDI-KS 1464$b3776 ddr$fSDI 959 $aSDI 996 $aStaat und Klientel im 19. Jahrhundert$9649840 997 $aUNINA LEADER 01355nam0 22002651i 450 001 UON00466726 005 20231205105147.148 010 $a978-88-495-2001-9 100 $a20160419d2010 |0itac50 ba 101 $aita 102 $aIT 105 $a|||| ||||| 200 1 $aJustice, cooperation, peace$ela cooperazione di giustizia per lo sviluppo e la pace nel Mediterraneo$eSimposio scientifico internazionale, Palazzo Reale di Caserta, 16-17 novembre 2007$fSeconda Università degli Studi di Napoli, Facoltà di Studi Politici "Jean Monnet" 210 $aNapoli$cEdizioni Scientifiche Italiane$d2010 215 $aLIV, 1256 pag. compl.$d24 cm. 606 $aCooperazione Internazionale$3UONC019757$2FI 620 $aIT$dNapoli$3UONL000012 712 02$aSeconda Università degli Studi di Napoli. Facoltà di Studi Politici Jean Monnet$3UONV231446 712 $aESI$3UONV265594$4650 801 $aIT$bSOL$c20250516$gRICA 912 $aUON00466726 950 $aSIBA - SISTEMA BIBLIOTECARIO DI ATENEO$dSI PUB G 0915/I $eSI 17175 5 0915/I $sBuono 950 $aSIBA - SISTEMA BIBLIOTECARIO DI ATENEO$dSI PUB G 0915/II $eSI 17176 5 0915/II $sBuono 996 $aJustice cooperation peace$91136672 997 $aUNIOR